تخطي إلى المحتوى

Редкие болезни нервной системы учебное пособие

В учебном пособии рассматривается проблема классификации, диагностики и лечения редких болезней нервной системы, освещены вопросы этиологии и патогенеза. Учебное пособие предназначено для врачей-неврологов....

وصف كامل

محفوظ في:
التفاصيل البيبلوغرافية
المؤلف الرئيسي: Соколова М. Г.
مؤلفون آخرون: Лобзин С. В., Клочева Е. Г., Шварцман Г. И., Зуев А. А., Цинзерлинг Н. В., Голдобин В. В.
التنسيق: Книга
اللغة:Russian
منشور في: Санкт-Петербург СЗГМУ им. И.И. Мечникова 2020
الوصول للمادة أونلاين:https://e.lanbook.com/book/242513
https://e.lanbook.com/img/cover/book/242513.jpg
الوسوم: إضافة وسم
لا توجد وسوم, كن أول من يضع وسما على هذه التسجيلة!
LEADER 01768nam0a2200337 i 4500
001 242513
003 RuSpLAN
005 20221220174158.0
008 221220s2020 ru gs 000 0 rus
020 |a 978-5-89588-130-9 
040 |a RuSpLAN 
041 0 |a rus 
044 |a ru 
080 |a 616.8 
084 |a 56.12  |2 rubbk 
245 0 0 |a Редкие болезни нервной системы  |b учебное пособие  |c Соколова М. Г.,Лобзин С. В.,Клочева Е. Г.,Шварцман Г. И.,Зуев А. А.,Цинзерлинг Н. В.,Голдобин В. В. 
260 |a Санкт-Петербург  |b СЗГМУ им. И.И. Мечникова  |c 2020 
300 |a 84 с. 
504 |a Библиогр.: доступна в карточке книги, на сайте ЭБС Лань 
520 8 |a В учебном пособии рассматривается проблема классификации, диагностики и лечения редких болезней нервной системы, освещены вопросы этиологии и патогенеза. Учебное пособие предназначено для врачей-неврологов. 
521 8 |a Книга из коллекции СЗГМУ им. И.И. Мечникова - Медицина 
100 1 |a Соколова М. Г. 
700 1 |a Лобзин С. В. 
700 1 |a Клочева Е. Г. 
700 1 |a Шварцман Г. И. 
700 1 |a Зуев А. А. 
700 1 |a Цинзерлинг Н. В. 
700 1 |a Голдобин В. В. 
856 4 |u https://e.lanbook.com/book/242513 
856 4 8 |u https://e.lanbook.com/img/cover/book/242513.jpg 
953 |a https://e.lanbook.com/img/cover/book/242513.jpg 
Cannot write session to /tmp/vufind_sessions/sess_k99sa44c14anril1mgijlsvk4j